Quizzes
Events
Quiz Creation
Community
Videos
Private Events
Remove Ads
Sign In
Join for FREE
Feedback
Dark Mode
Quiz Categories
Sports
Geography
Music
Movies
Television
Just For Fun
Miscellaneous
History
Literature
Language
Science
Gaming
Entertainment
Religion
Holiday
For Kids
Quiz Lab
Recent
Popular Today
Quiz Kudos Today
Editor Picks
Curator Picks
Quizzes by...
Day
Popularity
Type
Ratings
Length
Year
Community
Subscriptions
Recent Discussions
Orange Saloon
Badges
Playlists
Quests
Create
Leaderboards
Showdown
Live 5
Trivia Bingo
Activity
Puzzle Library
Sporcle Events
Private Events
Virtual Trivia
Globe League
Become a Host
Pub Owners
SporcleCon
Opinionation
Our Games
Videos
Blog
Mobile Apps
Partnerships
Remove Ads and Go Orange
Feedback
Television
TV Characters
TV Show
Sitcom
Network
Friends
Reality Shows
Cast
South Park
Star Trek
The Simpsons
Doctor Who
Television
TV Characters
TV Show
Sitcom
Network
Friends
Reality Shows
Cast
South Park
Star Trek
The Simpsons
Doctor Who
Random Quiz
Search Sporcle
×
Quiz Lab
Quiz Lab
Television
Actor
Type in answers that appear in a list
Type in answers that appear in a list
Classic
Best Score? Go Orange.
Whose Line Is It Anyway? (UK & US) Stats
Can you name the Whose Line Is It Anyway? ?
By
MovieVGManiac
7m
25 Questions
549 Plays
549 Plays
549 Plays
Comments
Comments
Give Quiz Kudos
Give Quiz Kudos
-
- Ratings
hide this ad
Replay
Link that replays current quiz
Next Quiz
Link to next quiz in quiz playlist
You Got
0%
They Got
Avg Score
42%
Avg Friend Score
Upgrade to see
Score Distribution
Jump to the score distribution portion of the page
Score
0/25
Timer
07:00
0
Plays Today
description
actor/actress
% Correct
The Tall Guy, Drew Carey Show
Ryan Stiles
90.9%
Main Singer on the Show, Own Talk Show
Wayne Brady
89.1%
Host of WLiiA? Us
Drew Carey
81.6%
Glasses, Weird Newscasters Anchor
Greg Proops
78.1%
The Bald Guy
Colin Mochrie
77%
Cocky, Singer, Host of 'Drew Live'
Brad Sherwood
60%
Host of WLiiA? Uk
Clive Anderson
52%
Cocky, Young, Singer
Chip Esten
51.8%
Main Musician in WLiiA? Us
Laura Hall
51.6%
Main Female Improviser in the Show, Singer
Josie Lawrence
42.7%
Co-
Stars in Kingdom, Ex-
Cocaine Addict, S&M
Tony Slattery
39.2%
Plays Guitar
Linda Taylor
35.9%
Played a Nurse in Wes Craven's New Nightmare
Kathy Greenwood
35%
description
actor/actress
% Correct
Main Musician in WLiiA? Uk
Richard Vranch
34.5%
Handkerchief, Singer, Glasses, S&M
Mike McShane
28.6%
Have I got News For You Star
Paul Merton
27.4%
Musician, last name; opposite of Queen
Anne King
27%
Starred on Kingdom
Stephen Fry
26.3%
Bushy eyebrows, Guest Starred on Mr. Bean
Steve Frost
23.9%
Duo with Steve Steen
Jim Sweeney
23.2%
Duo with Jim Sweeney
Steve Steen
22.8%
In Every Episode of Season 1, Spitting Image
John Sessions
22.6%
Correspondent on The Daily Show With Jon Stewart
Denny Siegel
11.7%
Starred in Spitting Image
Rory Bremner
11.3%
Plays saxaphone, Guns N Roses
Cece Worrall Rubin
6.4%
Quiz Playlist
Details
Report
Send in Message
Add To Playlist
Classic:
Type in answers that appear in a list
Last Updated: Apr 22, 2017
Quiz Scoreboard
CHALLENGE
Sign Up to Join the Scoreboard
Show All
Scores
Hide
Comments
May contain spoilers
Recently Published
Presidents Visiting Landmarks
by Hejman
History
7m
An Introduction to Baseball
by treessimontrees
Sports
5m
Movies - When Are They Set?
by FPL_Elf
Movies
5m
More to Explore
Quiz From the Vault
Featured Blog Post
Where Did the Easter Bunny Come From?
hide this ad
You Might Also Like...
Tags
Actor Quiz
Actress Quiz
Anyway
description
Whose Line
Today's Top Quizzes in Television
Browse Television
hide this ad
Today's Top Quizzes in Actor
Browse Actor
Top Contributed Quizzes in Television
1
One Piece Logic Puzzle
2
5-to-1: The Simpsons Families
3
Survivor Logic Puzzle: Heroes vs. Villains
4
5-to-1: Television Doctors
5
7-to-1: TV Show Settings
6
Survivor Seasons
7
5-to-1: Streaming Originals
8
Survivor Season by Logo
9
One Thing in Common: Television
10
TV Shows by First Names
Explore More
Trending Topics
Kpop
Anime
Crossword
Marvel
NBA
Harry Potter
Disney
Song
Pokémon
WWE
The Office
Country
NFL
Soccer
Puzzle
hide this ad
More By:
MovieVGManiac
Quiz
Plays
Rating
Category
Featured
Created
Romero's Dead Series
15,693
4.15
Movies
Oct 2, 2009
Frasier Characters
5,937
4.12
Television
Oct 1, 2009
Tom and Jerry Characters
3,250
3.00
Television
Jan 1, 2010
Ice Age Characters
2,413
5.00
Movies
Nov 3, 2009
Red Dwarf Characters
2,317
3.09
Television
Oct 3, 2009
Go to Creator's Profile
Score Distribution
Quiz Creator Spotlight
MovieVGManiac
Follow
Send a Message
Quizzes Created
-
Created Quiz Play Count
-
More By This Creator
Popular Quizzes Today
1
Find the Countries of Europe - No Outlines Minefield
2
Find the US States - No Outlines Minefield
3
The Countries of the World
4
Popular People in 1961
5
Find the US States
6
US States
7
1-10 Letter E Words III
8
Risky Map Clicking: Biggest States A-Z
More Television Quizzes
Hanna Barbera Logos
Curator's Pick
Trending Quizzes
Risky Map Clicking: Least Populous States A-Z
1-10 Letter F Words
1-10 Letter G Words
One Thing in Common: United Kingdom
Risky Map Clicking: Next State Alphabetically
Recently Updated
Leaping Animals
pecheneg
Reality TV Shows (A-Z)
bhenderson79
Rickey Henderson's Hall of Fame Teammates
pecheneg
Champions League XIs: Arsenal
pecheneg
Quick Pick: Celebrities in WWE's Hall of Fame
aduchscher
A-Z Keypad Blitz II
pecheneg
Multiple Oscar Actors
pecheneg
Mystery Phrase Blitz: Oscar 'Best Actors'
pecheneg
F. Scott Fitzgerald Novels
LTH
Pick 3 Villains
ddd62291
Trending Topics
Crossword
Disney
Marvel
Harry Potter
Anime
Kpop
NBA
The Office
Country
WWE
Soccer
Pokémon
NFL
Song
Puzzle
Your Account Isn't Verified!
In order to create a playlist on Sporcle, you need to verify the email address you used during registration. Go to your
Sporcle Settings
to finish the process.
Report this User
Report this user for behavior that violates our
Community Guidelines
.
Details:
Send Report
Go to the Sporcle.com Mobile Site →
Comments